000 00630nam a2200277Ia 4500
005 20260324145226.0
008 008 260324s9999 xx 000 0 eng d
020 _a9780203013274
037 _aEBOOK
040 _aCRL
040 _beng
040 _cCRL
041 _2eng
041 _aeng
084 _qCRL
100 _aHugh Berrington
_91206238
245 0 _aChange In British Politics
260 _bTaylor and Francis
260 _c1984
365 _a
365 _b300
856 _uhttp://www.taylorfrancis.com/books/9780203013274
942 _cEBOOK
999 _c1829817
_d1829817